[Event "Qatar Masters Open 2023"]
[Site "Doha QAT"]
[Date "2023.10.13"]
[Round "3.31"]
[White "Jaiveer, Mahendru"]
[Black "Karthik, Venkataraman"]
[Result "0-1"]
[WhiteTitle "FM"]
[BlackTitle "GM"]
[WhiteElo "2393"]
[BlackElo "2563"]
[WhiteFideId "25611151"]
[BlackFideId "25006479"]
[EventDate "2023.10.11"]

1. e4 e5 2. Nf3 Nc6 3. Bc4 Bc5 4. d4 exd4 5. Ng5 Nh6 6. Nxf7 Nxf7 7. Bxf7+ Kxf7
8. Qh5+ g6 9. Qxc5 d6 10. Qc4+ Be6 11. Qe2 Qh4 12. Nd2 h6 13. b3 d5 14. g3 Qf6
15. Bb2 Nb4 16. O-O-O Nxa2+ 17. Kb1 Nc3+ 18. Bxc3 dxc3 19. exd5 Bxd5 20. Ne4 Qf5
21. Rxd5 Qxd5 22. Rd1 Qc6 23. Qf3+ Kg7 24. Rd4 Rhf8 25. Qd3 Rf7 26. Rc4 Qb6 27.
Qxc3+ Kh7 28. g4 Rd8 29. g5 Qa6 30. Kb2 Rd1 31. Ra4 Qc6 32. Qe5 Rd5 33. Nf6+
Qxf6 34. Qxf6 Rxf6 35. gxf6 Kg8 36. Rxa7 Rb5 37. c4 Rb6 38. Kc3 c5 39. Ra8+ Kf7
40. Rc8 Rxf6 41. Rxc5 Rf3+ 42. Kd4 Rxf2 43. Rc7+ Ke6 44. Rxb7 Rxh2 45. b4 g5 46.
b5 g4 47. Rg7 h5 48. b6 Rb2 49. c5 Rb4+ 50. Kc3 Rb1 51. Kc4 Kf5 52. Kd5 h4 53.
c6 Rb5+ 54. Kd4 Rxb6 55. Rh7 Rxc6 56. Ke3 Rc3+ 57. Kf2 Rc2+ 58. Kg1 Kf4 59. Ra7
Rc1+ 60. Kg2 h3+ 61. Kh2 Rc2+ 62. Kg1 g3 63. Ra4+ Ke5 64. Ra5+ Kd4 65. Ra4+ Kc5
66. Ra5+ Kb4 67. Ra1 Kb3 0-1

[Event "Qatar Masters Open 2023"]
[Site "Doha QAT"]
[Date "2023.10.13"]
[Round "3.32"]
[White "Makarian, Rudik"]
[Black "Ostrovskiy, Aleksandr"]
[Result "1-0"]
[WhiteTitle "IM"]
[BlackTitle "IM"]
[WhiteElo "2548"]
[BlackElo "2385"]
[WhiteFideId "44105681"]
[BlackFideId "2034239"]
[EventDate "2023.10.11"]

1. d4 Nf6 2. c4 e6 3. Nf3 d5 4. g3 Bb4+ 5. Bd2 a5 6. Bg2 O-O 7. Qc2 c5 8. cxd5
cxd4 9. Nxd4 Qb6 10. Nf3 exd5 11. O-O Nc6 12. Nc3 Rd8 13. Rfd1 h6 14. Na4 Qa7
15. Bf4 Bg4 16. Bc7 Rdc8 17. Bb6 Qa6 18. Qd3 Qxd3 19. exd3 Nd7 20. h3 Be6 21.
Be3 Bf8 22. Nd4 Nxd4 23. Bxd4 Be7 24. Rac1 Kf8 25. f4 h5 26. Kf2 Rc6 27. Rxc6
bxc6 28. Rc1 Rc8 29. g4 hxg4 30. hxg4 Bxg4 31. Bxd5 Nf6 32. Bxc6 Bf5 33. Rc3 Bb4
34. Bc5+ Kg8 35. Bb7 Rb8 36. Bxb4 axb4 37. Rc7 Bxd3 38. Nc5 Bb5 39. Bf3 Rd8 40.
Rb7 Bc4 41. b3 Bd5 42. Rxb4 Rc8 43. Rb5 Bxf3 44. Kxf3 Nd5 45. Ne4 Ne7 46. Rc5
Ra8 47. Nc3 f6 48. b4 Kf7 49. a4 Ke6 50. Ke4 g6 51. a5 Ra6 52. Kd3 Rd6+ 53. Kc4
Nf5 54. b5 Rd4+ 55. Kb3 Rxf4 56. a6 Nd4+ 57. Ka3 Rf3 58. Kb4 Rf4 59. b6 Nc6+ 60.
Ka3 Kd6 61. Rxc6+ Kxc6 62. b7 1-0

[Event "Qatar Masters Open 2023"]
[Site "Doha QAT"]
[Date "2023.10.13"]
[Round "3.33"]
[White "Visakh, N R"]
[Black "Dragicevic, Drazen"]
[Result "1-0"]
[WhiteTitle "GM"]
[BlackTitle "FM"]
[WhiteElo "2547"]
[BlackElo "2354"]
[WhiteFideId "25012223"]
[BlackFideId "1707922"]
[EventDate "2023.10.11"]

1. d4 d5 2. c4 c6 3. Nf3 Nf6 4. Qb3 e6 5. Bg5 Nbd7 6. Nbd2 Be7 7. g3 a5 8. Bg2
b5 9. cxb5 cxb5 10. Ne5 Nxe5 11. dxe5 Nd7 12. Bxe7 Qxe7 13. Qe3 Bb7 14. O-O O-O
15. Nb3 Rfc8 16. Nd4 Qb4 17. a3 Qxb2 18. Rfb1 Qc3 19. Qxc3 Rxc3 20. Nxb5 Rc5 21.
f4 Ba6 22. Nd6 Kf8 23. Rc1 Rxc1+ 24. Rxc1 Ke7 25. Rc7 f6 26. f5 fxe5 27. fxe6
Kxe6 28. Rc6 Nb8 29. Bh3+ Ke7 1-0

[Event "Qatar Masters Open 2023"]
[Site "Doha QAT"]
[Date "2023.10.13"]
[Round "3.34"]
[White "Sankalp, Gupta"]
[Black "Laddha, Shubh Jayesh"]
[Result "1-0"]
[WhiteTitle "GM"]
[BlackTitle "FM"]
[WhiteElo "2518"]
[BlackElo "2373"]
[WhiteFideId "5097010"]
[BlackFideId "30942799"]
[EventDate "2023.10.11"]

1. d4 d5 2. Bf4 Nf6 3. e3 c5 4. Nf3 e6 5. Nbd2 Bd6 6. c3 cxd4 7. cxd4 Bxf4 8.
exf4 Nc6 9. Bb5 O-O 10. Bxc6 bxc6 11. Qa4 Qb6 12. Nb3 Ba6 13. Ne5 Rfc8 14. Rc1
Bb5 15. Qa3 a5 16. f3 a4 17. Nc5 Qc7 18. Kf2 Ne8 19. h4 Nd6 20. h5 Nf5 21. Qc3
h6 22. g4 Nd6 23. Qd2 Qa5 24. Rc3 Bc4 25. f5 exf5 26. g5 hxg5 27. h6 f4 28. h7+
Kh8 29. Nb7 Ne4+ 30. fxe4 Qc7 31. Nd6 Rf8 32. Ndxf7+ 1-0

[Event "Qatar Masters Open 2023"]
[Site "Doha QAT"]
[Date "2023.10.13"]
[Round "3.35"]
[White "Iniyan, P"]
[Black "Panesar, Vedant"]
[Result "1/2-1/2"]
[WhiteTitle "GM"]
[BlackTitle "FM"]
[WhiteElo "2510"]
[BlackElo "2372"]
[WhiteFideId "25002767"]
[BlackFideId "35033018"]
[EventDate "2023.10.11"]

1. d4 Nf6 2. c4 e6 3. Nc3 Bb4 4. e3 O-O 5. Bd3 c5 6. Nf3 cxd4 7. exd4 d5 8. cxd5
exd5 9. Ne5 Nc6 10. O-O Re8 11. Be3 Nxe5 12. dxe5 Bxc3 13. bxc3 Ng4 14. Bd4 Nxe5
15. Bxh7+ Kxh7 16. Qh5+ Kg8 17. Bxe5 Bg4 18. Qxg4 Rxe5 19. Rad1 Qc7 20. Qf3 Qc4
21. Rd4 Qe2 22. Qh3 Rae8 23. g3 Rh5 24. Qd7 Qe6 25. Qxe6 Rxe6 26. Rfd1 Re2 27.
Rxd5 Rxd5 28. Rxd5 Rxa2 29. Rd8+ Kh7 30. Rd7 f6 31. Rxb7 a5 32. Kg2 a4 33. Ra7
Rc2 34. Rxa4 Rxc3 35. h4 Rb3 36. g4 Rc3 37. Re4 Ra3 38. Rd4 Rb3 39. Re4 Ra3 40.
f4 Rb3 41. f5 g6 42. Re7+ Kh6 43. Re6 Rb2+ 44. Kf3 Rb3+ 45. Kf4 Rb4+ 46. Re4 Rb5
47. fxg6 Kxg6 48. Ra4 Rc5 49. h5+ Kg7 50. Ra7+ Kh6 51. Rf7 Rc4+ 52. Kf5 Rc5+ 53.
Ke6 Rc6+ 54. Ke7 Rc7+ 55. Ke8 Rc6 56. Ke7 Rc7+ 57. Kxf6 Rc4 58. g5+ Kxh5 59.
Rh7+ Kg4 60. g6 Rc6+ 61. Kf7 Rc7+ 62. Ke8 Rc8+ 63. Kd7 Rg8 64. g7 Kf5 1/2-1/2

[Event "Qatar Masters Open 2023"]
[Site "Doha QAT"]
[Date "2023.10.13"]
[Round "3.36"]
[White "Dai, Changren"]
[Black "Nurmanova, Alua"]
[Result "1/2-1/2"]
[WhiteTitle "GM"]
[BlackTitle "WIM"]
[WhiteElo "2507"]
[BlackElo "2347"]
[WhiteFideId "8608156"]
[BlackFideId "13729390"]
[EventDate "2023.10.11"]

1. d4 Nf6 2. c4 g6 3. Nc3 Bg7 4. e4 d6 5. Be2 O-O 6. Be3 c5 7. d5 e6 8. Nf3 exd5
9. cxd5 Bg4 10. Nd2 Bxe2 11. Qxe2 Nbd7 12. O-O Re8 13. h3 a6 14. a4 Rb8 15. a5
Qc7 16. Rfe1 h6 17. Ra4 Re7 18. Kh1 Rbe8 19. Rc1 Nh5 20. g4 Nhf6 21. g5 hxg5 22.
Bxg5 Nf8 23. f4 Rd7 24. Qf3 b5 25. axb6 Qxb6 26. Nc4 Qb3 27. Na5 Qb6 28. b3 N6h7
29. Bh4 g5 30. fxg5 Ng6 31. Bg3 Ne5 32. Qe3 Qd8 33. h4 Qc8 34. Rf1 Rc7 35. Kg2
c4 36. bxc4 Nxc4 37. Rxc4 Rxc4 38. Nxc4 Qxc4 39. Qf3 Rb8 40. Nd1 Qc7 41. Qa3 Qc4
42. Nf2 Rb2 43. Kg1 a5 44. Qxa5 Bd4 45. Qd8+ Nf8 46. Bxd6 Bxf2+ 47. Rxf2 Qc1+
48. Kg2 Rxf2+ 49. Kxf2 Qd2+ 50. Kf3 Qd3+ 51. Kf4 Qd2+ 52. Kf5 Qf2+ 53. Bf4 Qxh4
54. Qb8 Qh3+ 55. Ke5 Qf3 56. Kd4 Qd1+ 57. Kc3 Qf3+ 58. Kd4 Qd1+ 59. Kc5 Qc2+ 60.
Kb6 Qb1+ 61. Kc7 Qc2+ 62. Kd6 Qxe4 63. Be5 Kh7 64. Qb7 Kg6 65. Qb6 Kxg5 66. Qg1+
Kh5 67. Qh2+ Kg4 68. Qg3+ Kh5 69. Qh3+ Kg5 70. Qg3+ Kh5 71. Qf4 Qxf4 72. Bxf4
Ng6 73. Bh2 f5 74. Ke6 f4 75. d6 f3 76. Bg1 Kg4 77. Bd4 Nf8+ 78. Ke7 Kf5 79.
Kxf8 Ke6 80. Bc5 f2 81. Bxf2 Kxd6 1/2-1/2

[Event "Qatar Masters Open 2023"]
[Site "Doha QAT"]
[Date "2023.10.13"]
[Round "3.37"]
[White "Jin, Yueheng"]
[Black "Bharath, Subramaniyam H"]
[Result "0-1"]
[BlackTitle "GM"]
[WhiteElo "2398"]
[BlackElo "2500"]
[WhiteFideId "8616868"]
[BlackFideId "46634827"]
[EventDate "2023.10.11"]

1. d4 Nf6 2. c4 e6 3. g3 d5 4. Nf3 Be7 5. Bg2 Ne4 6. Qc2 c6 7. Nc3 f5 8. O-O Nd7
9. Rb1 a5 10. a3 O-O 11. b4 axb4 12. axb4 Bf6 13. Rd1 Nb6 14. c5 Nc4 15. e3 Qe8
16. Bb2 g5 17. Ra1 Rxa1 18. Rxa1 Qg6 19. Bc1 g4 20. Nxe4 fxe4 21. Nd2 Nxd2 22.
Bxd2 h5 23. Bc3 h4 24. Ra8 Bg5 25. Qe2 Qf5 26. Be1 e5 27. Bc3 h3 28. Bf1 Bf6 29.
dxe5 Bg7 30. Bd4 Kh7 31. Qb2 Rf7 32. Qd2 Be6 33. Qb2 Qf3 34. Re8 Qf5 35. Ra8 Qf3
36. Ra5 Bf8 37. Qe2 Qf5 38. b5 b6 39. cxb6 c5 40. Bb2 d4 41. Ra7 d3 42. Qd2 Bd5
43. Rc7 Qe6 44. Qa5 Qf5 45. Qd2 Qe6 46. Qa5 Qf5 47. Qd2 Kg8 48. Bc3 Qe6 49. Qd1
c4 50. Ba5 Qf5 51. Be1 Qe6 52. Bc3 Bg7 53. Qa1 Bf8 54. Qd1 Bh6 55. Bb4 Rxf2 56.
Kxf2 Qf5+ 57. Kg1 Bxe3+ 58. Kh1 Bxb6 59. Bxh3 e3+ 60. Bg2 Bxg2+ 0-1

[Event "Qatar Masters Open 2023"]
[Site "Doha QAT"]
[Date "2023.10.13"]
[Round "3.38"]
[White "Nitin, S."]
[Black "Raja, Rithvik R"]
[Result "1-0"]
[WhiteTitle "IM"]
[BlackTitle "GM"]
[WhiteElo "2373"]
[BlackElo "2495"]
[WhiteFideId "5018277"]
[BlackFideId "35007394"]
[EventDate "2023.10.11"]

1. e4 c5 2. Nf3 d6 3. d4 cxd4 4. Nxd4 Nf6 5. Nc3 a6 6. Nb3 e6 7. g4 Be7 8. g5
Nfd7 9. Bf4 Ne5 10. Bg3 b5 11. f4 Ned7 12. a3 Bb7 13. h4 Qb6 14. Bf2 Qc7 15. Qd2
Nc6 16. O-O-O Nc5 17. Kb1 O-O-O 18. Bg2 Kb8 19. h5 h6 20. g6 fxg6 21. hxg6 Bf6
22. Qe3 Ne7 23. Rhe1 e5 24. f5 Nxf5 25. exf5 Bxg2 26. Nd5 Bxd5 27. Rxd5 h5 28.
Nxc5 dxc5 29. Rxc5 Qb7 30. Bg3 Rd5 31. Rxd5 Qxd5 32. Qb6+ Qb7 33. Qe6 Rc8 34.
Bxe5+ Bxe5 35. Qxe5+ Ka8 36. f6 Qc6 37. f7 Qxc2+ 38. Ka1 1-0

[Event "Qatar Masters Open 2023"]
[Site "Doha QAT"]
[Date "2023.10.13"]
[Round "3.39"]
[White "Audi, Ameya"]
[Black "Rathanvel, V S"]
[Result "1-0"]
[WhiteTitle "IM"]
[BlackTitle "IM"]
[WhiteElo "2372"]
[BlackElo "2493"]
[WhiteFideId "25034430"]
[BlackFideId "25002112"]
[EventDate "2023.10.11"]

1. Nf3 Nf6 2. c4 e6 3. g3 d5 4. Bg2 Be7 5. O-O O-O 6. d4 dxc4 7. Qc2 a6 8. Qxc4
b5 9. Qc2 Bb7 10. Bd2 Nc6 11. e3 Nd5 12. Nc3 Ncb4 13. Qb1 c5 14. dxc5 Bxc5 15.
Rd1 Qb6 16. Ng5 g6 17. Nge4 Be7 18. a3 Nxc3 19. Bxc3 Nd5 20. Bd4 Qc7 21. Rc1 Qd7
22. b4 f5 23. Nc5 Bxc5 24. Bxc5 Rfe8 25. Rd1 Qf7 26. Qb2 e5 27. Qb3 Rad8 28. Rd2
Rd7 29. Rad1 Red8 30. a4 Bc6 31. axb5 axb5 32. Qb2 Qe6 33. Qb3 e4 34. Qb2 Nf6
35. Rxd7 Rxd7 36. Rxd7 Nxd7 37. Bd4 Kf7 38. Bf1 Nf6 39. Qc1 Ne8 40. Qc5 Qd6 41.
Qb6 Qc7 42. Qa6 Qd7 43. h4 Nc7 44. Qb6 Nd5 45. Qb8 Qe8 46. Qd6 Qe6 47. Qc5 Qd7
48. Be2 Ke6 49. Qf8 Qf7 50. Qc8+ Qd7 51. Qh8 Qf7 52. Qe5+ Kd7 53. Qb8 Nxb4 54.
Bc5 1-0

[Event "Qatar Masters Open 2023"]
[Site "Doha QAT"]
[Date "2023.10.13"]
[Round "3.40"]
[White "Bagwe, Gaurang"]
[Black "Samadov, Read"]
[Result "1/2-1/2"]
[WhiteTitle "FM"]
[BlackTitle "IM"]
[WhiteElo "2348"]
[BlackElo "2492"]
[WhiteFideId "45039895"]
[BlackFideId "13417444"]
[EventDate "2023.10.11"]

1. e4 c5 2. Nf3 d6 3. d4 cxd4 4. Nxd4 Nf6 5. Nc3 a6 6. Be2 e5 7. Nb3 Be7 8. Bg5
Be6 9. Bxf6 Bxf6 10. Qd3 Be7 11. Nd5 Nd7 12. Rd1 Bxd5 13. Qxd5 Qc7 14. O-O O-O
15. c3 b5 16. Na1 Rad8 17. Bf3 Nb6 18. Qb3 d5 19. exd5 Bd6 20. g3 f5 21. Nc2 Nd7
22. Nb4 Nc5 23. Qc2 Rde8 24. Nc6 e4 25. b4 Nd7 26. Bg2 Ne5 27. f3 Nxc6 28. dxc6
e3 29. Qb3+ Kh8 30. Rfe1 f4 31. Qd5 Rd8 32. Bh3 Bxb4 33. Bd7 Bxc3 34. Re2 Bd2
35. g4 Rf6 36. Rdxd2 exd2 37. Qxd2 h6 38. Qd5 Rd6 39. Qf7 Rf6 40. Re8+ Rxe8 41.
Qxe8+ Kh7 42. Be6 Rxe6 43. Qxe6 Qa5 44. h4 Qc3 45. Qe4+ Kg8 46. g5 hxg5 47. hxg5
Qc5+ 48. Kf1 Qd6 49. g6 Kf8 50. Kg2 b4 51. Qc2 Qc7 52. Qf5+ Ke7 53. Qe4+ Kd6 54.
Qxf4+ Kxc6 55. Qxb4 Qe5 56. Qc4+ Kb6 57. Qb3+ Kc5 58. Qc2+ Kb6 59. Qb1+ Kc5 60.
Qc2+ Kb6 61. Qf2+ Kb5 62. Qd2 Kc6 63. a4 a5 64. Qc2+ Kd6 65. Qc4 Qg5+ 66. Kf1
Qe5 67. Qd3+ Kc7 68. Qc4+ Kd6 69. Qd3+ Kc7 70. Qb3 Kc6 71. Qc4+ Kd6 1/2-1/2

[Event "Qatar Masters Open 2023"]
[Site "Doha QAT"]
[Date "2023.10.13"]
[Round "3.41"]
[White "Abdisalimov, Abdimalik"]
[Black "Aradhya, Garg"]
[Result "1-0"]
[WhiteTitle "GM"]
[BlackTitle "FM"]
[WhiteElo "2487"]
[BlackElo "2344"]
[WhiteFideId "14206323"]
[BlackFideId "25006746"]
[EventDate "2023.10.11"]

1. e4 e5 2. Nf3 Nc6 3. Bb5 a6 4. Ba4 Nge7 5. c3 Ng6 6. d4 exd4 7. cxd4 Bb4+ 8.
Nc3 d5 9. exd5 Bxc3+ 10. bxc3 Qxd5 11. Bb3 Qe4+ 12. Be3 O-O 13. O-O Na5 14. Ng5
Qg4 15. f3 Qd7 16. Ne4 Nxb3 17. axb3 b6 18. d5 Bb7 19. c4 Rfe8 20. Bf2 Ne7 21.
Qd2 Ng6 22. Rad1 a5 23. Bd4 Qe7 24. Rde1 Qf8 25. Qg5 h6 26. Qg3 c5 27. Bc3 a4
28. Nd6 Rxe1 29. Rxe1 Ba6 30. bxa4 Kh7 31. Re4 Rd8 32. Nf5 f6 33. Qc7 Bc8 34.
Ng3 Qd6 35. Qxd6 Rxd6 36. h4 Bd7 37. h5 Nf8 38. Re7 Bxa4 39. Ne4 Rd8 40. Nxf6+
Kh8 41. Ng4 1-0

[Event "Qatar Masters Open 2023"]
[Site "Doha QAT"]
[Date "2023.10.13"]
[Round "3.42"]
[White "Rosen, Eric"]
[Black "Stearman, Josiah"]
[Result "0-1"]
[WhiteTitle "IM"]
[BlackTitle "IM"]
[WhiteElo "2341"]
[BlackElo "2476"]
[WhiteFideId "2032562"]
[BlackFideId "2062496"]
[EventDate "2023.10.11"]

1. e4 c5 2. Nc3 d6 3. f4 g6 4. Nf3 Bg7 5. Bc4 e6 6. O-O Ne7 7. d4 cxd4 8. Nb5 d5
9. exd5 exd5 10. Bb3 Nbc6 11. Nbxd4 O-O 12. c3 Re8 13. Be3 Nf5 14. Bf2 Ne3 15.
Bxe3 Rxe3 16. Qd2 Re4 17. Rae1 Nxd4 18. Nxd4 Bxd4+ 19. cxd4 Qb6 20. Bxd5 Rxd4
21. Re8+ Kg7 22. Qc3 Kh6 23. Kh1 Rxd5 24. f5 Qd4 25. Qh3+ Kg7 26. Qa3 Rc5 27.
Qb3 Qf6 28. Qd1 g5 29. h4 Rc4 30. hxg5 Qxg5 31. f6+ Kh6 32. Qd3 Rh4+ 33. Kg1 Bh3
34. Re2 Rg8 35. Rff2 Qc1+ 36. Rf1 Qc5+ 37. Rff2 0-1

[Event "Qatar Masters Open 2023"]
[Site "Doha QAT"]
[Date "2023.10.13"]
[Round "3.44"]
[White "Nogerbek, Kazybek"]
[Black "Kwon, Sehyun"]
[Result "1-0"]
[WhiteTitle "IM"]
[BlackTitle "FM"]
[WhiteElo "2471"]
[BlackElo "2313"]
[WhiteFideId "13710427"]
[BlackFideId "13203088"]
[EventDate "2023.10.11"]

1. d4 Nf6 2. c4 e6 3. Nf3 Bb4+ 4. Bd2 c5 5. Bxb4 cxb4 6. e3 b6 7. Bd3 Bb7 8.
Nbd2 O-O 9. O-O d6 10. Re1 Qe7 11. e4 e5 12. Nf1 Nc6 13. Bc2 Rfe8 14. Ne3 Nxd4
15. Nxd4 exd4 16. Qxd4 Qe5 17. Qxe5 dxe5 18. Ba4 Rec8 19. f3 Bc6 20. Bxc6 Rxc6
21. Red1 Rc5 22. b3 b5 23. Rd6 bxc4 24. Nxc4 Kf8 25. Rad1 Ke7 26. Ra6 Nd7 27.
Ne3 Nb6 28. Nf5+ Kf8 29. Rxa7 Rac8 30. Rb7 R5c6 31. Rd6 g6 32. Rxc6 Rxc6 33. Ne3
Kg7 34. Kf2 h5 35. h4 Rd6 36. Ke2 Kg8 37. Nc2 Nd7 38. Rxb4 1-0

[Event "Qatar Masters Open 2023"]
[Site "Doha QAT"]
[Date "2023.10.13"]
[Round "3.45"]
[White "Stany, G.A."]
[Black "Rakshitta, Ravi"]
[Result "1/2-1/2"]
[WhiteTitle "GM"]
[BlackTitle "WGM"]
[WhiteElo "2469"]
[BlackElo "2272"]
[WhiteFideId "5029104"]
[BlackFideId "25073230"]
[EventDate "2023.10.11"]

1. e4 e5 2. Nf3 Nc6 3. Nc3 Nf6 4. Bb5 Bb4 5. O-O Bxc3 6. bxc3 O-O 7. Re1 d6 8.
d4 Qe7 9. a4 Nd7 10. a5 a6 11. Bc4 Kh8 12. Ng5 h6 13. Qh5 Kg8 14. Nf3 Nf6 15.
Qh4 Bg4 16. d5 Nd8 17. Bd3 Bxf3 18. gxf3 Nxd5 19. Qg3 Nf4 20. Bxf4 exf4 21. Qxf4
Ne6 22. Qg3 Qg5 23. e5 Rfd8 24. Ra4 Qxg3+ 25. hxg3 Nc5 26. Rb4 dxe5 27. Rxe5
Nxd3 28. cxd3 Rxd3 29. Rc5 Rb8 30. Rxc7 Rxf3 31. Rcxb7 Rxb7 32. Rxb7 Rf5 33.
Rb8+ Kh7 34. c4 Rxa5 35. Ra8 h5 36. c5 Rxc5 37. Rxa6 g5 38. Kg2 g4 39. Rb6 Kg7
40. Ra6 f6 41. Rb6 Kg6 42. Ra6 Kg5 43. Ra8 Rc3 44. Rg8+ Kf5 45. Rh8 Kg6 46. Rg8+
Kh7 47. Ra8 Rf3 48. Rb8 f5 49. Ra8 Kg7 50. Rb8 Rd3 51. Rb6 Rc3 52. Ra6 Rc2 53.
Rb6 Rc7 54. Ra6 Rf7 55. f3 Rb7 56. fxg4 hxg4 57. Kf2 Rb2+ 58. Kf1 Kf7 59. Rc6
Ke7 60. Ra6 Rd2 61. Rb6 Rd6 62. Rb5 Ke6 63. Ke2 Ra6 64. Kf2 Ra2+ 65. Kf1 Rd2 66.
Ra5 Rd5 67. Ra8 Ke5 68. Re8+ Kd4 69. Kf2 Kc3 70. Rc8+ Kd2 71. Rf8 Kd3 72. Re8
Kd4 73. Rf8 Ra5 74. Rd8+ Ke4 75. Re8+ Re5 76. Ra8 Rb5 77. Re8+ Kd4 78. Rd8+ Ke5
79. Re8+ Kd6 80. Rd8+ Ke7 81. Ra8 Rb2+ 82. Kf1 Ke6 83. Ra5 Rd2 84. Rb5 Rd5 85.
Rb8 Rd3 86. Kf2 Ke5 87. Re8+ Kd4 88. Rd8+ Kc3 89. Rf8 Rf3+ 90. Kg2 Kd2 91. Ra8
Ke2 92. Ra2+ Ke1 93. Ra1+ Ke2 94. Ra2+ Ke1 95. Ra1+ 1/2-1/2

[Event "Qatar Masters Open 2023"]
[Site "Doha QAT"]
[Date "2023.10.13"]
[Round "3.46"]
[White "Ashraf, Artin"]
[Black "Assaubayeva, Bibisara"]
[Result "1/2-1/2"]
[WhiteTitle "FM"]
[BlackTitle "IM"]
[WhiteElo "2340"]
[BlackElo "2469"]
[WhiteFideId "22514805"]
[BlackFideId "13708694"]
[EventDate "2023.10.11"]

1. Nf3 Nf6 2. c4 g6 3. b3 Bg7 4. Bb2 O-O 5. g3 c6 6. Bg2 d5 7. O-O Re8 8. Qc2 a5
9. d3 Nbd7 10. Nc3 Nb6 11. Nd1 a4 12. Rc1 axb3 13. axb3 Nbd7 14. Nc3 Nb6 15. Nd1
Nbd7 16. Nc3 Nb6 17. cxd5 Nfxd5 18. Nxd5 Nxd5 19. Bxg7 Kxg7 20. Qb2+ Kg8 21. Ra1
Rxa1 22. Rxa1 Qb6 23. Nd2 Be6 24. d4 Nc7 25. e3 Bd5 26. Bf1 Be6 27. b4 Ra8 28.
Rxa8+ Nxa8 29. Ne4 Qa7 30. b5 Bf5 31. Nc3 Qa5 32. d5 cxb5 33. Nxb5 Nc7 34. Nxc7 1/2-1/2

[Event "Qatar Masters Open 2023"]
[Site "Doha QAT"]
[Date "2023.10.13"]
[Round "3.47"]
[White "Dushyant, Sharma"]
[Black "Gagare, Shardul"]
[Result "0-1"]
[WhiteTitle "IM"]
[BlackTitle "GM"]
[WhiteElo "2339"]
[BlackElo "2460"]
[WhiteFideId "25065130"]
[BlackFideId "5037883"]
[EventDate "2023.10.11"]

1. e4 e5 2. Nf3 Nc6 3. Nc3 Nf6 4. Bb5 Bd6 5. d3 h6 6. h3 a6 7. Ba4 b5 8. Bb3 Na5
9. Be3 Nxb3 10. axb3 Bb7 11. Qd2 Qe7 12. Ne2 Nh5 13. g4 Qf6 14. Nxe5 Bxe5 15. d4
Nf4 16. Nxf4 Bxf4 17. Bxf4 Bxe4 18. Qe3 Qe6 19. O-O O-O 20. Rfe1 Bxc2 21. Qxe6
fxe6 22. Bxc7 Bxb3 23. Re3 Bd5 24. Rea3 Rfc8 25. Rc1 b4 26. Ra5 b3 27. Rac5 Bc6
28. Ba5 Rf8 29. R1c3 Bd5 30. Bc7 Rfc8 31. Ba5 Rxc5 32. Rxc5 Rf8 33. Rc3 Rf4 34.
Bb6 a5 35. Bxa5 Rxd4 36. Re3 Kf7 37. Kh2 d6 38. Bc3 Rc4 39. Rd3 Be4 40. Re3 e5
41. Kg3 Ke6 42. f4 Bc2 43. fxe5 d5 44. Be1 d4 45. Rf3 Ra4 46. Rf8 Ra2 47. Re8+
Kd7 48. Rb8 Rxb2 49. Rb6 Kc7 50. Bf2 d3 51. e6 Ra2 52. Rb8 d2 53. e7 Bg6 54. Rd8
b2 55. Bb6+ Kxb6 56. Rd6+ Kc7 57. Rxg6 Kd7 0-1

[Event "Qatar Masters Open 2023"]
[Site "Doha QAT"]
[Date "2023.10.13"]
[Round "3.48"]
[White "Nitish, Belurkar"]
[Black "Tan, Jun Ying"]
[Result "1/2-1/2"]
[WhiteTitle "IM"]
[BlackTitle "CM"]
[WhiteElo "2451"]
[BlackElo "2250"]
[WhiteFideId "5084768"]
[BlackFideId "5710413"]
[EventDate "2023.10.11"]

1. e4 c6 2. d4 d5 3. e5 Bf5 4. Nf3 e6 5. Be2 c5 6. O-O Nc6 7. c3 cxd4 8. Nxd4
Nxd4 9. cxd4 Ne7 10. Nc3 Nc6 11. g4 Bg6 12. f4 Qd7 13. Be3 Bb4 14. Bf3 Bxc3 15.
bxc3 h5 16. f5 hxg4 17. fxg6 gxf3 18. Qxf3 O-O 19. gxf7+ Rxf7 20. Qg4 Raf8 21.
Bg5 Rxf1+ 22. Rxf1 Rxf1+ 23. Kxf1 Qf7+ 24. Ke2 Qg6 25. h4 Na5 26. h5 Qc2+ 27.
Kf1 Qb1+ 28. Kf2 Qc2+ 29. Kf1 Qb1+ 30. Kf2 Qc2+ 1/2-1/2

[Event "Qatar Masters Open 2023"]
[Site "Doha QAT"]
[Date "2023.10.13"]
[Round "3.49"]
[White "Mayank, Chakraborty"]
[Black "Ravi, Teja S."]
[Result "1/2-1/2"]
[WhiteTitle "CM"]
[BlackTitle "IM"]
[WhiteElo "2333"]
[BlackElo "2448"]
[WhiteFideId "25659766"]
[BlackFideId "5017220"]
[EventDate "2023.10.11"]

1. e4 c6 2. d4 d5 3. exd5 cxd5 4. c4 Nf6 5. Nc3 g6 6. Qb3 Bg7 7. cxd5 O-O 8. Be2
Na6 9. Bf3 Qb6 10. Nge2 Qxb3 11. axb3 Rd8 12. O-O Nc7 13. Ra5 b6 14. d6 exd6 15.
Ra3 d5 16. Bf4 Ne6 17. Rfa1 a6 18. Be3 Bb7 19. b4 Bf8 20. Rb3 Ne4 21. Na4 Rd6
22. Nf4 Rc8 23. Be2 Bg7 24. Nxe6 Rxe6 25. Bf1 f5 26. g3 h5 27. b5 a5 28. Rd1 Kf7
29. Ra3 Bf6 30. Raa1 g5 1/2-1/2

[Event "Qatar Masters Open 2023"]
[Site "Doha QAT"]
[Date "2023.10.13"]
[Round "3.50"]
[White "Jain, Kashish Manoj"]
[Black "Shyaamnikhil, P"]
[Result "1-0"]
[WhiteTitle "FM"]
[BlackTitle "IM"]
[WhiteElo "2338"]
[BlackElo "2442"]
[WhiteFideId "35081098"]
[BlackFideId "5024218"]
[EventDate "2023.10.11"]

1. e4 c5 2. Nf3 d6 3. d4 cxd4 4. Qxd4 Nf6 5. Nc3 Nc6 6. Bb5 Bd7 7. Bxc6 Bxc6 8.
Bg5 Nd7 9. O-O-O h6 10. Bh4 e5 11. Qd2 g5 12. Bg3 Rc8 13. Kb1 Nb6 14. Qd3 Bd7
15. h4 g4 16. Nd2 Be6 17. f4 gxf3 18. gxf3 a6 19. Rhg1 Be7 20. Nd5 Nd7 21. Nc4
b5 22. Nce3 Nc5 23. Qd2 Bxh4 24. Bxh4 Qxh4 25. Ng4 Bxd5 26. Qxd5 Qe7 27. Ne3 Qe6
28. Qd2 Nb7 29. Nf5 Kd7 30. Qf2 Kc7 31. Rd5 Rhd8 32. Rh1 Rh8 33. Qa7 Ra8 34. Qe3
h5 35. Rhd1 Rhd8 36. Qc3+ Kb8 37. Qb4 Kc7 38. a4 bxa4 39. R1d3 Rac8 40. Qxa4 a5
41. Rb3 Qd7 1-0

[Event "Qatar Masters Open 2023"]
[Site "Doha QAT"]
[Date "2023.10.13"]
[Round "3.51"]
[White "Priyanka, Nutakki"]
[Black "Srihari, L R"]
[Result "0-1"]
[WhiteTitle "WGM"]
[BlackTitle "IM"]
[WhiteElo "2315"]
[BlackElo "2438"]
[WhiteFideId "25049615"]
[BlackFideId "46617116"]
[EventDate "2023.10.11"]

1. d4 f5 2. Bg5 g6 3. Nc3 Bg7 4. f3 Nc6 5. e3 d5 6. Nge2 h6 7. Bh4 g5 8. Bf2 Nf6
9. Qd2 e6 10. O-O-O Qe7 11. Kb1 Bd7 12. Nc1 O-O-O 13. Nb3 Be8 14. Nc5 Nd7 15.
Nb3 Nb6 16. Bd3 Nb4 17. Be2 e5 18. e4 dxe4 19. fxe4 fxe4 20. Nxe4 Bg6 21. Nbc5
Nc6 22. Rhe1 Nxd4 23. Bg4+ Kb8 24. Qb4 Rhe8 25. Bf3 c6 26. Qa3 Bf8 27. Qc3 Nxf3
28. Qxf3 Rxd1+ 29. Rxd1 Rd8 30. Rxd8+ Qxd8 31. Bg3 Bg7 32. a3 Qd5 33. Qe2 Nc4
34. Nd7+ Qxd7 35. Qxc4 Bxe4 36. Qxe4 Qd1+ 37. Ka2 Qd5+ 38. Qxd5 cxd5 39. Kb3 Kc7
40. Kc3 Kc6 41. b3 e4+ 42. Kd2 d4 43. h4 Bf8 44. hxg5 hxg5 45. a4 Bd6 0-1